000 00458nam a22001697a 4500
008 161007b xxu||||| |||| 00| 0 eng d
020 _a0684829576
040 _aKABU
_cKABU
050 _aPN1655
_b.B76 1996 C.1
100 _aBrook, Peter
245 _aThe empty space
_cby Brook Peter
260 _aUSA
_bTouchstone
_c1996
300 _a141 p.
650 _2Theatre
650 _2Drama
942 _2lcc
_cBK
_hPN1655 .B76 1996 C.1
999 _c16166
_d16166